Statistics for Recognize Country by Royal Family

Click here to take the quiz!

General Stats

  • This quiz has been taken 223 times
  • The average score is 8 of 15

Answer Stats

FamilyCountry% Correct
House of WindsorUnited Kingdom
99%
House of LiechtensteinLiechtenstein
89%
Yamato DynastyJapan
83%
House of Orange-NassauNetherlands
75%
House of SaudSaudi Arabia
68%
House of GrimaldiMonaco
66%
House of BourbonSpain
64%
House of GlücksburgDenmark/Norway
57%
House of BernadotteSweden
54%
House of Saxe-Coburg and GothaBelgium
51%
House of HashimJordan
42%
Chakri DynastyThailand
30%
Alawite DynastyMorocco
26%
House of NorodomCambodia
21%
House of KedahMalaysia
14%

Score Distribution

Percentile by Number Answered

Percent of People with Each Score

Your Score History

You have not taken this quiz